00997nam a2200253Ia 4500003000400000005001700004008004100021020001500062040002100077041000800098082002500106100002600131245006600157260003200223300007700255490002700332500003700359504004800396505013300444650004600577650003900623650005200662700002900714OSt20210423102413.0210310s1979 fr ad fr 000 0 fre d a2717801081 aCO-JMCRcCO-JMCR0 afre04a336.007 /bC949e2231 aCros, Robert, eautor10aEtudes d'économie publique / cRobert Cros, Denise Flouzat  aParis : bEconomica, c1979 b136 páginas : ailustraciones y gráficos a blanco y negro ; c24 cm.0 aSciences Économiques aIncluye notas a pie de página. aBibliografía al final de cada capítulo.0 aL´équité et l´offre optimale de biens collectifs -- Etude critique du concept d´équité horizontale en matiere fiscale14aBienes públicos xModelos matemáticos24aFiscalidad xModelos matemáticos24aEconomía del bienestarxModelos matemáticos1 aFlouzat, Denise, eautor